| 000 | 00503nam a22001817a 4500 | ||
|---|---|---|---|
| 003 | OSt | ||
| 005 | 20220107122829.0 | ||
| 008 | 170707b xxu||||| |||| 00| 0 eng d | ||
| 040 | _cIIITMK | ||
| 100 |
_aAlok Kumar (91615000) _912232 |
||
| 245 | _aWayfinder kiosk - with indoor space mapping | ||
| 300 | _aMSC IT-Main project | ||
| 502 |
_bMSC IT _c2015-2017 _dINT _eMd. Meraj Uddin |
||
| 650 |
_aNAVIGATION SYSTEM _912233 |
||
| 650 |
_aALGORITHM _912234 |
||
| 650 |
_aTECHNOLOGY _912235 |
||
| 942 |
_2ddc _cPR |
||
| 999 |
_c5713 _d5713 |
||